[Event "Vojvodina-chT 2nd League"]
[Site "Novi Sad"]
[Date "2018.11.13"]
[Round "7.3"]
[White "Mijatovic, Dejan"]
[Black "Adamovic, Sasa"]
[Result "1-0"]
[WhiteElo "2255"]
[BlackElo "1904"]
[PlyCount "57"]
[EventDate "2018.11.09"]
[EventType "team-tourn"]
[EventRounds "11"]
[EventCountry "SRB"]
[SourceTitle "CBM 187 Extra"]
[Source "ChessBase"]
[SourceDate "2018.11.04"]
[SourceVersion "1"]
[SourceVersionDate "2018.11.04"]
[SourceQuality "1"]
[WhiteTeam "Stara Pazova"]
[BlackTeam "Srpska Crnja Buducnost"]
[WhiteTeamCountry "SRB"]
[BlackTeamCountry "SRB"]

1. d4 Nf6 2. c4 e6 3. Nc3 d5 4. Bg5 Nbd7 5. e3 c6 6. cxd5 exd5 7. Bd3 Qa5 8. Qc2 Bb4 9. Nge2 0-0 10. 0-0 Re8 11. a3 Bd6 12. b4 Qc7 13. Bf4 a6 14. a4 Nf8 15. b5 Ne6 16. Bg3 c5 17. dxc5 Bxg3 18. Nxg3 Nxc5 19. Nce2 Bg4 20. Rfc1 Rac8 21. Bf5 Bxf5 22. Qxf5 Qd7 23. Nd4 Ne6 24. Nge2 Qd6 25. h3 Ne4 26. Rxc8 Rxc8 27. Nf4 g6 28. Qxd5 N6c5 29. f3 1-0

[Event "Vojvodina-chT 2nd League"]
[Site "Novi Sad"]
[Date "2018.11.13"]
[Round "6.3"]
[White "Simonyi, Zoltan"]
[Black "Mijatovic, Dejan"]
[Result "1/2-1/2"]
[WhiteElo "2208"]
[BlackElo "2255"]
[PlyCount "120"]
[EventDate "2018.11.09"]
[EventType "team-tourn"]
[EventRounds "11"]
[EventCountry "SRB"]
[SourceTitle "CBM 187 Extra"]
[Source "ChessBase"]
[SourceDate "2018.11.04"]
[SourceVersion "1"]
[SourceVersionDate "2018.11.04"]
[SourceQuality "1"]
[WhiteTeam "Senta"]
[BlackTeam "Stara Pazova"]
[WhiteTeamCountry "SRB"]
[BlackTeamCountry "SRB"]

1. d4 Nf6 2. c4 e6 3. Nc3 d5 4. Bg5 Be7 5. e3 c6 6. Qc2 Nbd7 7. Nf3 0-0 8. 0-0-0 Re8 9. Kb1 Qa5 10. h3 Bb4 11. Bd3 Bxc3 12. bxc3 Ne4 13. Rc1 Nxg5 14. Nxg5 h6 15. Nf3 e5 16. Nd2 e4 17. Be2 Nf6 18. Ka1 b5 19. c5 Bd7 20. Rb1 Qc7 21. Nf1 a5 22. f4 exf3 23. gxf3 Qc8 24. h4 Bh3 25. Re1 Bf5 26. Bd3 Bxd3 27. Qxd3 b4 28. Rh2 Ra7 29. Ng3 Qb8 30. Rg2 Kh8 31. Nf5 Nh5 32. Reg1 bxc3 33. Nd6 Rf8 34. Qxc3 Qd8 35. Qe1 Qf6 36. Qf2 Rb8 37. Rc1 a4 38. Rgg1 g6 39. Rb1 Raa8 40. Rgf1 Ng7 41. Qg3 Kh7 42. Rxb8 Rxb8 43. Nxf7 Rf8 44. Ne5 Nf5 45. Qe1 Re8 46. f4 Nxh4 47. Rg1 Nf5 48. Rxg6 Qxg6 49. Nxg6 Kxg6 50. Qb4 Rxe3 51. Qxa4 Re6 52. Qd1 Ne3 53. Qg1+ Kf5 54. Kb2 Nc4+ 55. Kc3 Kxf4 56. a4 h5 57. Qh2+ Kg4 58. Qg2+ Kf4 59. Qh2+ Kg4 60. Qg2+ Kf4 1/2-1/2

[Event "Vojvodina-chT"]
[Site "Kac"]
[Date "2016.11.20"]
[Round "9.4"]
[White "Mijatovic, Dejan"]
[Black "Krejic, Igor"]
[Result "1-0"]
[WhiteElo "2248"]
[BlackElo "2235"]
[PlyCount "87"]
[EventDate "2016.11.15"]
[EventType "team-tourn"]
[EventRounds "11"]
[EventCountry "SRB"]
[SourceTitle "CBM 175 Extra"]
[Source "ChessBase"]
[SourceDate "2016.12.12"]
[SourceVersion "1"]
[SourceVersionDate "2016.12.12"]
[SourceQuality "1"]
[WhiteTeam "Stara Pazova"]
[BlackTeam "Vojvodina"]
[WhiteTeamCountry "SRB"]
[BlackTeamCountry "SRB"]

1. d4 Nf6 2. Nf3 d6 3. Bf4 Nbd7 4. e3 g6 5. Bc4 Nb6 6. Bb3 Bg7 7. h3 0-0 8. Nbd2 a5 9. a4 Bd7 10. c3 Rc8 11. 0-0 c5 12. Re1 c4 13. Bc2 Nfd5 14. Bh2 Bh6 15. e4 Nf4 16. Bxf4 Bxf4 17. g3 Bh6 18. Kg2 Qc7 19. Nh4 e5 20. Nf1 Rce8 21. Ne3 Qc8 22. Ng4 Bg7 23. f4 exf4 24. gxf4 h5 25. Nf2 Qd8 26. Kg3 g5 27. Nf3 gxf4+ 28. Kh2 f5 29. Rg1 fxe4 30. Nxe4 Bf5 31. Nfg5 f3 32. d5 Qe7 33. Qxf3 Bg6 34. Qg2 Nxd5 35. Ne6 Qxe6 36. Qxg6 Qe5+ 37. Kh1 Nf4 38. Nf6+ Qxf6 39. Qh7+ Kf7 40. Raf1 Re7 41. Rxf4 Qxf4 42. Rxg7+ Ke6 43. Rxe7+ Kd5 44. Be4+ 1-0

[Event "Vojvodina-chT"]
[Site "Kac"]
[Date "2016.11.19"]
[Round "6.4"]
[White "Ilincic, Aleksa"]
[Black "Mijatovic, Dejan"]
[Result "0-1"]
[WhiteElo "2161"]
[BlackElo "2248"]
[PlyCount "62"]
[EventDate "2016.11.15"]
[EventType "team-tourn"]
[EventRounds "11"]
[EventCountry "SRB"]
[SourceTitle "CBM 175 Extra"]
[Source "ChessBase"]
[SourceDate "2016.12.12"]
[SourceVersion "1"]
[SourceVersionDate "2016.12.12"]
[SourceQuality "1"]
[WhiteTeam "Kraljica PTT"]
[BlackTeam "Stara Pazova"]
[WhiteTeamCountry "SRB"]
[BlackTeamCountry "SRB"]

1. e4 c5 2. c3 d6 3. Nf3 Nf6 4. h3 g6 5. Bd3 Bg7 6. 0-0 0-0 7. Bc2 Nc6 8. d4 cxd4 9. cxd4 e5 10. Re1 d5 11. dxe5 Nxe4 12. Nbd2 Bf5 13. Nf1 Be6 14. Bf4 Qb6 15. Re2 Rfd8 16. Bb3 Nc5 17. Bc2 d4 18. Rd2 d3 19. Bb1 Bc4 20. Ng3 Qa6 21. h4 Ne6 22. Be3 Nxe5 23. Nxe5 Bxe5 24. Ne4 Qc6 25. Qf3 f5 26. Ng5 Bd5 27. Qd1 f4 28. Rxd3 Nxg5 29. hxg5 fxe3 30. fxe3 Rd6 31. a3 Be6 0-1

[Event "Vojvodina-chT"]
[Site "Kac"]
[Date "2014.11.08"]
[Round "1"]
[White "Mijatovic, Dejan"]
[Black "Mastrapovic, Vladimir"]
[Result "1/2-1/2"]
[WhiteElo "2251"]
[BlackElo "2274"]
[PlyCount "25"]
[EventDate "2014.11.08"]
[EventType "team-tourn"]
[EventRounds "11"]
[EventCountry "SRB"]
[SourceTitle "EXT 2016"]
[Source "ChessBase"]
[SourceDate "2015.10.08"]
[SourceVersion "1"]
[SourceVersionDate "2015.10.08"]
[SourceQuality "1"]

1. Nf3 d5 2. d4 Nf6 3. Bf4 Nh5 4. Bg5 h6 5. Bc1 Nf6 6. e3 g6 7. c4 Bg7 8. Nc3 0-0 9. Qb3 c6 10. Ne5 Nfd7 11. Nxd7 dxc4 12. Bxc4 Nxd7 13. 0-0 1/2-1/2

[Event "Vojvodina-chT 2nd League"]
[Site "Stari Banovci"]
[Date "2013.11.08"]
[Round "7"]
[White "Azaric, Slavko"]
[Black "Mijatovic, Dejan"]
[Result "1/2-1/2"]
[WhiteElo "2294"]
[BlackElo "2273"]
[PlyCount "35"]
[EventDate "2013.11.03"]
[EventType "team-tourn"]
[EventRounds "11"]
[EventCountry "SRB"]
[SourceTitle "EXT 2015"]
[Source "ChessBase"]
[SourceDate "2014.11.20"]
[SourceVersion "1"]
[SourceVersionDate "2014.11.20"]
[SourceQuality "1"]

1. e4 c6 2. d3 d5 3. Nf3 Bg4 4. Be2 dxe4 5. dxe4 Qxd1+ 6. Bxd1 Nd7 7. 0-0 e5 8. Be3 Bxf3 9. Bxf3 Bc5 10. Bd2 Ngf6 11. Nc3 0-0 12. Bg5 h6 13. Bxf6 Nxf6 14. Rfd1 Rfd8 15. Kf1 Kf8 16. Rxd8+ Rxd8 17. Rd1 Rxd1+ 18. Nxd1 1/2-1/2

[Event "Vojvodina-chT 2nd League"]
[Site "Stari Banovci"]
[Date "2013.11.05"]
[Round "2"]
[White "Jesenski, Tibor"]
[Black "Mijatovic, Dejan"]
[Result "1-0"]
[WhiteElo "2328"]
[BlackElo "2273"]
[PlyCount "94"]
[EventDate "2013.11.03"]
[EventType "team-tourn"]
[EventRounds "11"]
[EventCountry "SRB"]
[SourceTitle "EXT 2015"]
[Source "ChessBase"]
[SourceDate "2014.11.20"]
[SourceVersion "1"]
[SourceVersionDate "2014.11.20"]
[SourceQuality "1"]

1. d4 d5 2. c4 c6 3. Nf3 Nf6 4. Nc3 e6 5. e3 Nbd7 6. Qc2 Bd6 7. Bd3 Qe7 8. 0-0 0-0 9. h3 h6 10. e4 dxe4 11. Nxe4 Nxe4 12. Bxe4 Nf6 13. Bd3 c5 14. Re1 Qc7 15. dxc5 Bxc5 16. b3 b6 17. Bb2 Bb7 18. Bxf6 gxf6 19. Be4 Rfd8 20. Bxb7 Qxb7 21. Re4 Bf8 22. Re2 Rac8 23. Rd1 Rxd1+ 24. Qxd1 Be7 25. Rd2 a5 26. Nd4 Rd8 27. Nxe6 fxe6 28. Rxd8+ Bxd8 29. Qxd8+ Kg7 30. Qd4 Qc6 31. h4 h5 32. g3 e5 33. Qd1 Kg6 34. Qd5 Qc7 35. Kh2 Qe7 36. Qe4+ Kg7 37. Qc6 Qd8 38. a3 Qd4 39. Qf3 Kg6 40. Qe3 Qd6 41. Qe4+ Kg7 42. Kg2 Kh6 43. Qf5 Qc6+ 44. Qf3 Qd6 45. b4 axb4 46. axb4 Kg6 47. b5 Qc7 1-0

[Event "Vojvodina-chT 2nd League"]
[Site "Stari Banovci"]
[Date "2013.11.04"]
[Round "1"]
[White "Mijatovic, Dejan"]
[Black "Stanojevic, Branko"]
[Result "1/2-1/2"]
[WhiteElo "2273"]
[BlackElo "2291"]
[PlyCount "44"]
[EventDate "2013.11.03"]
[EventType "team-tourn"]
[EventRounds "11"]
[EventCountry "SRB"]
[SourceTitle "EXT 2015"]
[Source "ChessBase"]
[SourceDate "2014.11.20"]
[SourceVersion "1"]
[SourceVersionDate "2014.11.20"]
[SourceQuality "1"]

1. d4 Nf6 2. Nf3 c5 3. e3 g6 4. Nbd2 Bg7 5. Bd3 Nc6 6. 0-0 d6 7. Nb3 b6 8. c3 0-0 9. e4 Qc7 10. Re1 e5 11. dxe5 Nxe5 12. Nxe5 dxe5 13. Qe2 Bb7 14. Nd2 Rad8 15. f3 Nh5 16. Nf1 Nf4 17. Bxf4 exf4 18. Rad1 Bf6 19. Rd2 Rd7 20. Red1 Rfd8 21. Bc4 Be5 22. Rxd7 Rxd7 1/2-1/2

[Event "SRB-chT2 Vojvodina League"]
[Site "Kac"]
[Date "2012.10.16"]
[Round "4"]
[White "Mijatovic, Dejan"]
[Black "Kostic, Branimir"]
[Result "1-0"]
[WhiteElo "2271"]
[BlackElo "2234"]
[PlyCount "50"]
[EventDate "2012.10.14"]
[EventType "team-swiss"]
[EventRounds "11"]
[EventCountry "SRB"]
[SourceTitle "EXT 2015"]
[Source "ChessBase"]
[SourceDate "2014.11.20"]
[SourceVersion "1"]
[SourceVersionDate "2014.11.20"]
[SourceQuality "1"]

1. d4 Nf6 2. c4 e6 3. a3 d5 4. e3 Be7 5. Nc3 0-0 6. Nf3 c6 7. Bd3 Nbd7 8. 0-0 Bd6 9. e4 dxe4 10. Nxe4 Nxe4 11. Bxe4 Nf6 12. Bc2 Qc7 13. Qd3 Bf4 14. Ng5 Bxh2+ 15. Kh1 Bf4 16. Nxh7 Rd8 17. Nxf6+ gxf6 18. Qh7+ Kf8 19. Be3 Ke7 20. Qh4 e5 21. dxe5 Bxe5 22. Bc5+ Bd6 23. Rae1+ Be6 24. Rxe6+ fxe6 25. Qh7+ Kf8 1-0

[Event "SRB-chT2 Vojvodina League"]
[Site "Kac"]
[Date "2012.10.15"]
[Round "2"]
[White "Mijatovic, Dejan"]
[Black "Strangar, Zlatko"]
[Result "1/2-1/2"]
[WhiteElo "2271"]
[BlackElo "2221"]
[PlyCount "110"]
[EventDate "2012.10.14"]
[EventType "team-swiss"]
[EventRounds "11"]
[EventCountry "SRB"]
[SourceTitle "EXT 2015"]
[Source "ChessBase"]
[SourceDate "2014.11.20"]
[SourceVersion "1"]
[SourceVersionDate "2014.11.20"]
[SourceQuality "1"]

1. Nf3 Nf6 2. c4 g6 3. b3 Bg7 4. Bb2 0-0 5. g3 d6 6. d4 c6 7. Bg2 d5 8. 0-0 Ne4 9. cxd5 cxd5 10. Nc3 Nxc3 11. Bxc3 Nc6 12. Ne5 Bf5 13. Nxc6 bxc6 14. Bb4 Re8 15. f4 Qd7 16. Qd2 Bh3 17. Rac1 Bxg2 18. Kxg2 Rac8 19. Bc5 f6 20. Rf2 Bh6 21. Rc3 e5 22. e3 exf4 23. exf4 Re4 24. Re3 f5 25. Rxe4 fxe4 26. Qe3 a6 27. h3 Qe6 28. g4 Rc7 29. g5 Bg7 30. Qe2 Rf7 31. Qe3 Rf5 32. Kf1 Rf7 33. Kg2 h6 34. Kg3 Qf5 35. Qd2 Qd7 36. Qe3 Qe6 37. Kg2 Rb7 38. Kg3 Rb5 39. Rc2 Rb7 40. Rf2 Rf7 41. Kg2 hxg5 42. fxg5 Rf5 43. Kg3 Bf8 44. Bxf8 Kxf8 45. Rxf5+ Qxf5 46. Qf4 Qxf4+ 47. Kxf4 Kf7 48. b4 Ke6 49. a4 Kd6 50. Ke3 Ke7 51. Kf4 Ke6 52. h4 Kd6 53. Kg4 Ke7 54. Kg3 Kf7 55. Kg4 Ke6 1/2-1/2

[Event "Vojvodina-chT"]
[Site "Sombor"]
[Date "2009.10.03"]
[Round "10"]
[White "Mijatovic, Dejan"]
[Black "Indjic, Aleksandar"]
[Result "1-0"]
[WhiteElo "2283"]
[BlackElo "2119"]
[PlyCount "103"]
[EventDate "2009.09.27"]
[EventType "team-swiss"]
[EventRounds "11"]
[EventCountry "YUG"]
[SourceTitle "EXT 2012"]
[Source "ChessBase"]
[SourceDate "2011.11.24"]
[SourceVersion "1"]
[SourceVersionDate "2011.11.24"]
[SourceQuality "1"]

1. d4 c5 2. e3 Nf6 3. Nf3 g6 4. Be2 Bg7 5. 0-0 0-0 6. b3 cxd4 7. exd4 d5 8. c4 Nc6 9. Nc3 Bg4 10. Bb2 Rc8 11. c5 Ne4 12. Na4 f6 13. a3 Bxf3 14. Bxf3 Ng5 15. Be2 e5 16. dxe5 fxe5 17. Bg4 Rc7 18. h4 Nf7 19. g3 Re7 20. b4 e4 21. Bxg7 Kxg7 22. b5 Nce5 23. Qd4 Kg8 24. Be2 g5 25. Nc3 Rd7 26. Rad1 gxh4 27. Nxd5 Qg5 28. Qxe4 Rfd8 29. g4 Nxg4 30. f4 Nf2+ 31. fxg5 Nxe4 32. Bc4 Kg7 33. c6 bxc6 34. bxc6 Rd6 35. c7 Rf8 36. Ne7 Rxd1 37. Rxd1 Nfd6 38. Ba6 Re8 39. Nf5+ Nxf5 40. Rd8 Nxg5 41. c8Q Re5 42. Rg8+ Kh6 43. Qc1 Ng3 44. Kg2 Kh5 45. Qd1+ Kh6 46. Qg4 Nh5 47. Bd3 h3+ 48. Kh2 Nf6 49. Qh4+ Nh5 50. Qf2 Ne6 51. Qf7 Neg7 52. Rxg7 1-0

[Event "Vojvodina-chT"]
[Site "Sombor"]
[Date "2009.09.30"]
[Round "6"]
[White "Kotrla, Sebastijan"]
[Black "Mijatovic, Dejan"]
[Result "0-1"]
[WhiteElo "2052"]
[BlackElo "2283"]
[PlyCount "112"]
[EventDate "2009.09.27"]
[EventType "team-swiss"]
[EventRounds "11"]
[EventCountry "YUG"]
[SourceTitle "EXT 2012"]
[Source "ChessBase"]
[SourceDate "2011.11.24"]
[SourceVersion "1"]
[SourceVersionDate "2011.11.24"]
[SourceQuality "1"]

1. c4 Nf6 2. Nc3 e6 3. g3 d5 4. cxd5 exd5 5. d4 c6 6. Bg2 Bd6 7. Nf3 Nbd7 8. 0-0 0-0 9. Bf4 Bxf4 10. gxf4 Re8 11. Ne5 Nf8 12. Qd2 Bf5 13. f3 Nh5 14. e4 Bc8 15. Ne2 f6 16. Nd3 f5 17. e5 Qh4 18. Qe1 Qxe1 19. Rfxe1 Ne6 20. Kf2 b6 21. Bh3 g6 22. Rg1 Kf7 23. Ke3 Ba6 24. Rgd1 c5 25. Bf1 cxd4+ 26. Nxd4 Nxd4 27. Kxd4 Bxd3 28. Rxd3 Nxf4 29. Rc3 Re7 30. Rc6 Rd8 31. Rd6 Red7 32. Rf6+ Ke7 33. Rc1 Ne6+ 34. Rxe6+ Kxe6 35. Bb5 Rg7 36. Rc6+ Ke7 37. Rc7+ Kf8 38. Rc6 g5 39. Rf6+ Rf7 40. Rh6 Kg7 41. Rd6 Rxd6 42. exd6 Kf6 43. Kxd5 h5 44. Kc6 g4 45. d7 Ke7 46. Kc7 Rf8 47. fxg4 hxg4 48. Bd3 f4 49. Bf5 g3 50. hxg3 fxg3 51. Bh3 Rd8 52. a4 Rxd7+ 53. Bxd7 g2 54. Bb5 g1Q 55. Kb7 Kd8 56. Kxa7 Kc7 0-1